=LDR 00000nam 2200000 4500 =001 INLIS000000000013870 =005 20130612105207 =008 ***********************************Ind** =035 ##$$0010-061300000013870 =041 ##$$a Ind =082 ##$$a 635.63 =090 ##$$a 635.63, Sum b =100 ##$$a Sumpena, Uun =245 ##$$a Budidaya mentimun intensif dengan mulsa,secara tumpang gilir, Uun Sumpena =260 ##$$a 2002 $b Jakarta =300 ##$$a 80 hlm, Ilus, 21 cm =650 ##$$a Mentimun =850 ##$$a NBPNMAT =990 ##$$a 1065510655 =990 ##$$a 01201710655